SPSS 6.1 Guide to Data Analysis (Record no. 84721)

MARC details
000 -LEADER
fixed length control field 00659nam a22002297a 4500
003 - CONTROL NUMBER IDENTIFIER
control field URS
005 - DATE AND TIME OF LATEST TRANSACTION
control field 20250828100454.0
008 - FIXED-LENGTH DATA ELEMENTS--GENERAL INFORMATION
fixed length control field 250326b ||||| |||| 00| 0 eng d
020 ## - INTERNATIONAL STANDARD BOOK NUMBER
International Standard Book Number 0134370546
040 ## - CATALOGING SOURCE
Transcribing agency URS
050 ## - LIBRARY OF CONGRESS CALL NUMBER
Classification number HA32
Item number .N829 1990
100 ## - MAIN ENTRY--PERSONAL NAME
9 (RLIN) 11642
Personal name Norusis, Marija J.
245 ## - TITLE STATEMENT
Title SPSS 6.1 Guide to Data Analysis
264 ## - PRODUCTION, PUBLICATION, DISTRIBUTION, MANUFACTURE, AND COPYRIGHT NOTICE
Place of production, publication, distribution, manufacture Chicago, Ill.
Name of producer, publisher, distributor, manufacturer SPSS Inc.
Date of production, publication, distribution, manufacture, or copyright notice ©1990
300 ## - PHYSICAL DESCRIPTION
Extent 582 pages.,:
Dimensions 24 cm.
336 ## - CONTENT TYPE
Source rdacontent
Content type term text
337 ## - MEDIA TYPE
Source rdamedia
Media type term unmediated
338 ## - CARRIER TYPE
Source rdacarrier
Carrier type term volume
650 #0 - SUBJECT ADDED ENTRY--TOPICAL TERM
9 (RLIN) 11643
Topical term or geographic name entry element Social Sciences
General subdivision Statistical Methods -- Computer File
650 #0 - SUBJECT ADDED ENTRY--TOPICAL TERM
9 (RLIN) 11644
Topical term or geographic name entry element SPSS (Computer File)
942 ## - ADDED ENTRY ELEMENTS (KOHA)
Source of classification or shelving scheme Library of Congress Classification
Koha item type Continuing Resources

No items available.

University of Rizal System
Email us at univlibservices@urs.edu.ph

Visit our Website www.urs.edu.ph/library